Home Print Resources E-Books E-Journals IIMT Lecture Series Library Membership Form Book Recommendation Form Campus Tour Take AdmissionAbout Us Contact Us

Production & operation management (Record no. 21731)

000 -LEADER
fixed length control field 00397nam a2200169Ia 4500
003 - CONTROL NUMBER IDENTIFIER
control field OSt
005 - DATE AND TIME OF LATEST TRANSACTION
control field 20240316144917.0
008 - FIXED-LENGTH DATA ELEMENTS--GENERAL INFORMATION
fixed length control field 170619s9999 xx 000 0 und d
020 ## - INTERNATIONAL STANDARD BOOK NUMBER
International Standard Book Number 0070583552
040 ## - CATALOGING SOURCE
Transcribing agency IIMT ENGINEERING COLLEGE
100 ## - MAIN ENTRY--PERSONAL NAME
Personal name Chary- S N
245 #0 - TITLE STATEMENT
Title Production & operation management
260 ## - PUBLICATION, DISTRIBUTION, ETC.
Name of publisher, distributor, etc. New Delhi TMH
260 ## - PUBLICATION, DISTRIBUTION, ETC.
Date of publication, distribution, etc. 2003
546 ## - LANGUAGE NOTE
Language note ENGLISH
942 ## - ADDED ENTRY ELEMENTS (KOHA)
Source of classification or shelving scheme
Koha item type Book Bank
Holdings
Withdrawn status Lost status Source of classification or shelving scheme Damaged status Not for loan Home library Current library Date acquired Source of acquisition Cost, normal purchase price Barcode Date last seen Price effective from Koha item type Total Checkouts Date last checked out
          IIMT Engineering College-MBA IIMT Engineering College-MBA 04/12/2024 20 250.00 13-B-43 06/23/2017 06/23/2017 Book Bank    
          IIMT Engineering College-MBA IIMT Engineering College-MBA   21 325.00 13-B-3301 05/29/2018 06/23/2017 Book Bank 1 02/02/2018
          IIMT Engineering College-MBA IIMT Engineering College-MBA   21 325.00 13-B-3302 08/20/2022 06/23/2017 Book Bank 1 04/23/2022
          IIMT Engineering College-MBA IIMT Engineering College-MBA 04/12/2024 21 325.00 13-B-3303 06/23/2017 06/23/2017 Book Bank    
          IIMT Engineering College-MBA IIMT Engineering College-MBA   21 325.00 13-B-3304 05/30/2018 06/23/2017 Book Bank 1 03/23/2018
          IIMT Engineering College-MBA IIMT Engineering College-MBA 11/02/2023 21 325.00 13-B-3305 11/02/2023 06/23/2017 Book Bank 2 05/05/2023
IIMT, Central Library. All Rights Reserved IIMT,UNIVERSITY © 2023
Implemented and Customised by I CLOUDE EMS
You Are OPAC Visitor No
free web counter

Powered by Koha